000 nam a22 a 4500
999 _c130993
_d130993
003 BLK
005 20220525100815.0
008 180409b bul|||||r ||||||| ||bul||
010 _aKNG00136792000
040 _aBLK
041 _aBUL
_cBUL
080 _aИзвънучилищно образование. Културно-просветна работа.
_b374
_x(497.2)
_z374(497.2)
080 _aЖенско движение. Женски въпрос. Обществено положение на жената. Равноправие на жената
_b396
_x(497.2)
_z396(497.2)
100 1 _aБелчева, Маня
_eпърви автор
_9319720
139 _aБелчева, Маня
_bБ 36
245 1 0 _aЕлате в нашата школа
_cМаня Белчева
257 _aBGR
260 _aСофия
_bНС ОФ
_c1965
300 _a35 с.
_bс портр.
_c20 см
380 _a3
490 _aБиблиотека на жената
_vГ. IХ, прил.
_9204926
500 _aШкола за българки-мохамеданки - активистки на ОФ в гр. Гоце Делчев.
650 4 _aЖени - България - библиографии
_9316747
651 4 _aБългария
_9241624
653 _aжени
653 _aмюсюлмани
653 _aОтечествен фронт
852 _aЦб 35333
856 4 _qpdf
856 4 _qpdf
942 _cKNG
_n0
_s1
944 _aCR
_c04.12.2012
_l04.12.2012 - от С1,Р / 04.12.2012
_kГеновева_Генчева
944 _aED
_c2022-05-25
_l2022-05-25